Principles and Practice of Management Accountancy (Record no. 25151)

MARC details
000 -LEADER
fixed length control field 00493nam a2200169Ia 4500
008 - FIXED-LENGTH DATA ELEMENTS--GENERAL INFORMATION
fixed length control field 090122s9999 xx 000 0 und d
082 ## - DEWEY DECIMAL CLASSIFICATION NUMBER
Item number 1073
Classification number 657
100 ## - MAIN ENTRY--PERSONAL NAME
Personal name Broon
Numeration J
Titles and other words associated with a name R
245 ## - TITLE STATEMENT
Title Principles and Practice of Management Accountancy
260 ## - PUBLICATION, DISTRIBUTION, ETC. (IMPRINT)
Name of publisher, distributor, etc THE ENGLISH AND EVANS LTD
Date of publication, distribution, etc 1975
300 ## - PHYSICAL DESCRIPTION
Extent 756
600 ## - SUBJECT ADDED ENTRY--PERSONAL NAME
Personal name Broon
630 ## - SUBJECT ADDED ENTRY--UNIFORM TITLE
Uniform title Principles and Practice of Management Accountancy
700 ## - ADDED ENTRY--PERSONAL NAME
Personal name Broon
730 ## - ADDED ENTRY--UNIFORM TITLE
Uniform title Principles and Practice of Management Accountancy
942 ## - ADDED ENTRY ELEMENTS (KOHA)
Koha item type Book
Holdings
Withdrawn status Lost status Damaged status Not for loan Home library Current library Date acquired Cost, normal purchase price Total Checkouts Full call number Barcode Date last seen Copy number Cost, replacement price Price effective from Koha item type
        Dombivali Granthasangrahalaya, Dombivali Dombivali Granthasangrahalaya, Dombivali 01/22/2009 0.00   1073 DOM-1073 01/22/2009 1 0.00 01/22/2009 Book